| 000 | 00758nam a2200217Ii 4500 | ||
|---|---|---|---|
| 003 | JO-AjNU | ||
| 008 | 230605s9999||||xx |||||||||||||| ||und|| | ||
| 017 | _a2014/1/402 | ||
| 040 |
_aJO-AjNU _bara _erda _cJO-AjNU |
||
| 041 | _aara | ||
| 050 | 1 | 4 | _aBP130.7 2014 |
| 100 | 3 |
_aتاليف المعاعية، عبدالله رجا, _eauthor _948242 |
|
| 245 | 0 | 0 | _aمعالم الثقافة الاسلامية في ضوء الآيات المدنية |
| 250 | _aط1 | ||
| 264 | 3 | 1 | _aعمان: المؤلف، 2014 |
| 300 | _a344ص | ||
| 336 |
_atext _btxt _2rdacontent |
||
| 337 |
_aunmediated _bn _2rdamedia |
||
| 338 |
_avolume _bnc _2rdacarrier |
||
| 650 | 4 |
_aالقران الكريم - الحضارة الاسلامية - تفاسير القران _948243 |
|
| 999 |
_aA21113 _c24681 _d24681 |
||